| 000 | 00854nam a2200217Ii 4500 | ||
|---|---|---|---|
| 003 | JO-AjNU | ||
| 008 | 230605s9999||||xx |||||||||||||| ||und|| | ||
| 017 | _a1982/3532 | ||
| 040 |
_aJO-AjNU _bara _erda _cJO-AjNU |
||
| 041 | _aara | ||
| 050 | 1 | 4 | _aLC903.G4 1982 |
| 100 | 3 |
_aتاليف عبود، عبد الغني, _eauthor _959398 |
|
| 245 | 0 | 0 | _aالفكر التربوي عند الغزالي كما يبدو من رسالتة(ايها الولد) |
| 250 | _aط1 | ||
| 264 | 3 | 1 | _aمصر: عين شمس: دار الفكر العربي، 1982 |
| 300 |
_a250ص _bيشتمل على مراجع 230-247ص، يشتمل عل بيلوجرافيا باعمال المؤلف 248-250ص |
||
| 336 |
_atext _btxt _2rdacontent |
||
| 337 |
_aunmediated _bn _2rdamedia |
||
| 338 |
_avolume _bnc _2rdacarrier |
||
| 650 | 4 |
_aالفلسفة الاسلامية _959399 |
|
| 999 |
_aA26727 _c30295 _d30295 |
||